Представление документа в формате MARC21

Поле Инд. ПП Название Значение
Тип записи a
Библиографический уровень m
001 _ Контрольный номер BIBLIOCLUB\0000461305
005 _ Дата корректировки 20250915104200.0
008 Кодируемые данные 210927j2016 RU y |||| 000 0 rus u
020 a ISBN 978-5-906839-25-1
040 a Служба первич. каталог. Директ-Медиа
c Служба, преобразующая запись Директ-Медиа
041 a Код языка текста rus
044 a Код страны публикации RU
084 2 Источник индекса rubbk
a Индекс другой классификации/Индекс ББК 75.1
100 1_ a Автор Губа В. П.
4 Код отношения 070
245 a Заглавие Теория и методика современных спортивных исследований
b Продолж. заглавия монография
c Ответственность В. П. Губа, В. В. Маринич
260 a Место издания Москва
b Издательство Спорт
c Дата издания 2016
300 a Объем 233 с.
b Иллюстрации/ тип воспроизводства ил.
504 a Библиография Библиогр. в кн
520 a Аннотация В монографии рассматриваются современные технологии спортивной науки в исследованиях и диагностике функциональных возможностей спортсменов различного пола, возраста, квалификации и специализации. В частности, раскрываются методологические подходы и методики исследования функциональных возможностей спортсменов. Приводится обоснование методам исследования физической подготовленности и функциональных возможностей, а также физической работоспособности спортсменов. В монографии предложены пути решения проблемы оценки психофизиологического состояния, анализа генотипов спортсменов, а также возможности фармакологической коррекции и антидопингового контроля в спорте.Книга написана доктором педагогических наук, профессором, заслуженным работником высшей школы РФ В.П. Губой (Россия) и кандидатом медицинских наук, доцентом В.В. Мариничем (Белоруссия), на протяжении многих лет работающих со спортсменами достигшими высоких спортивных результатов в национальных сборных командах, как в игровых, так и циклических видах спорта, а также единоборствах.Монография предназначена специалистам, работающим в комплексных научных группах по видам спорта, а также преподавателям, тренерам, аспирантам, студентам при изучении вопросов, связанных с повышением качества контроля функциональных возможностей спортсменов, а также оценке двигательных способностей на протяжении, как короткого, так и длительного тренировочного периода.
538 a Прим. о системных особенностях Режим доступа: электронная библиотечная система «Университетская библиотека ONLINE», требуется авторизация
700 1_ a Другие авторы Маринич В. В.
856 4_ u URL https://biblioclub.ru/index.php?page=book&id=461305
a Имя сервера/домена Режим доступа: электронная библиотечная система «Университетская библиотека ONLINE», требуется авторизация
z Примечание для пользователя Участвует в КО